000 00485nam a22001817a 4500
999 _c6212
_d6210
005 20210826120905.0
008 200517b xxu||||| |||| 00| 0 eng d
020 _a9788123914886
041 _aeng
082 _a615 JAR
100 _aJARALA E EDWIN
_95375
245 _aTextbook of pharmacognosy and phytochemistry
_cE Edwin Jarald
250 _a1'st
260 _aNew Delhi
_bCBS Publishers and distributors
_c2018
300 _a586, xiv
650 _aPHARMACY
_96722
942 _cBK